Solar flares and collisions between current-carrying loops (Record no. 12789)

MARC details
000 -LEADER
fixed length control field 00712nam a2200205Ia 4500
003 - CONTROL NUMBER IDENTIFIER
control field IN-BaIIA
008 - FIXED-LENGTH DATA ELEMENTS--GENERAL INFORMATION
fixed length control field 211028s9999 xx 000 0 eng d
020 ## - INTERNATIONAL STANDARD BOOK NUMBER
International Standard Book Number 0-7923-4218-6
040 ## - CATALOGING SOURCE
Transcribing agency IIA Library
080 ## - UNIVERSAL DECIMAL CLASSIFICATION NUMBER
Universal Decimal Classification number 523.985.3
Item number SAK
100 ## - MAIN ENTRY--PERSONAL NAME
Personal name Sakai, Jun-Ichi
9 (RLIN) 22405
245 #0 - TITLE STATEMENT
Title Solar flares and collisions between current-carrying loops
Remainder of title types and mechanisms of solar flares and coronal loop heatin
Statement of responsibility, etc. Jun-Ichi Sakai and Cornelis de Jager
260 ## - PUBLICATION, DISTRIBUTION, ETC.
Place of publication, distribution, etc. Dordrecht
Name of publisher, distributor, etc. Kluwer Academic
Date of publication, distribution, etc. 1996
300 ## - PHYSICAL DESCRIPTION
Extent 192p.
650 ## - SUBJECT ADDED ENTRY--TOPICAL TERM
Topical term or geographic name entry element Coronal loop
9 (RLIN) 22406
650 ## - SUBJECT ADDED ENTRY--TOPICAL TERM
Topical term or geographic name entry element Solar flares
9 (RLIN) 4046
650 ## - SUBJECT ADDED ENTRY--TOPICAL TERM
Topical term or geographic name entry element Sun
9 (RLIN) 1200
700 ## - ADDED ENTRY--PERSONAL NAME
Personal name Jager, Cornelis de
9 (RLIN) 22407
942 ## - ADDED ENTRY ELEMENTS (KOHA)
Koha item type Books
Holdings
Withdrawn status Lost status Damaged status Not for loan Home library Current library Shelving location Date acquired Source of acquisition Cost, normal purchase price Total Checkouts Full call number Barcode Date last seen Cost, replacement price Price effective from Koha item type Purchase Price
        IIA Library-Bangalore IIA Library-Bangalore General Stacks 10/12/1998 ALL 4394.50   523.985.3/ SAK 13706 05/11/2021 4394.50 10/12/1998 Books Rs. 4394.50

Powered by Koha